Score Builder Managerial Accounting
Salvato in:
| Autore principale: | |
|---|---|
| Altri autori: | |
| Natura: | Libro |
| Lingua: | inglese |
| Pubblicazione: |
Homewood
Irwin
1988
|
| Edizione: | 1. ed. |
| Soggetti: | |
| Tags: |
Nessun Tag, puoi essere il primo ad aggiungerne!!
|
MARC
| LEADER | 00000nam a2200000 4500 | ||
|---|---|---|---|
| 001 | c000300 | ||
| 005 | 20221219121214.4 | ||
| 020 | |a 0-256-06692-2 | ||
| 041 | 0 | |a eng | |
| 044 | |a US | ||
| 245 | 1 | 0 | |a Score Builder |b Managerial Accounting |c Bruce A. Baldwin, Diane D. Pattison |
| 250 | |a 1. ed. | ||
| 264 | 1 | |a Homewood |b Irwin |c 1988 | |
| 300 | |a 182 s. | ||
| 610 | 2 | 0 | |a manažment |
| 610 | 2 | 0 | |a riadenie podnikové |
| 610 | 2 | 0 | |a účtovníctvo |
| 610 | 2 | 0 | |a účty |
| 610 | 2 | 0 | |a účtovníci |
| 610 | 2 | 0 | |a náklady |
| 610 | 2 | 0 | |a analýza nákladov |
| 610 | 2 | 0 | |a analýza nákladov a výnosov |
| 610 | 2 | 0 | |a rozpočet podnikový |
| 610 | 2 | 0 | |a výkony podnikové |
| 610 | 2 | 0 | |a výroba |
| 610 | 2 | 0 | |a výkazy účtovné |
| 610 | 2 | 0 | |a rozhodovanie podnikové |
| 610 | 2 | 0 | |a kapitál |
| 610 | 2 | 0 | |a dane zo zisku |
| 610 | 2 | 0 | |a analýza kvantitatívna |
| 610 | 2 | 0 | |a rozbory činnosti hospodárskej |
| 100 | 1 | |a Baldwin, Bruce A. | |
| 700 | 1 | |a Pattison, Diane D. | |